000 00372nam a2200133Ia 4500
008 191201s2005 xx 000 0 und d
082 _a677.02864
_bGOP
100 _aGOKARNESHAN, N
245 0 _aPractical Guide To Fabric Manufacture And Cloth Analysis Laboratories
260 _aN.Delhi
_bMahajan Brother
_c2005
300 _a123
650 _aB.Tech(TE)
942 _2ddc
_cBK
999 _c2245
_d2245